|
|
|
|
| LEADER |
00704nam a22001931 4500 |
| 001 |
c000366135 |
| 003 |
CARM |
| 005 |
00000000000000.0 |
| 008 |
851211s1960 enk 0 eng d |
| 019 |
1 |
|
|a 23993217
|z 4165684
|5 LACONCORD2021
|
| 035 |
|
|
|a (OCoLC)30253376
|5 LACONCORD2021
|
| 100 |
1 |
|
|a Mather, L. C.
|q (Leonard Charles)
|
| 245 |
1 |
0 |
|a Securities acceptable to the lending banker.
|
| 260 |
|
|
|a Lond. :
|b Waterlow,
|c 1960.
|
| 650 |
|
0 |
|a Securities.
|
| 852 |
8 |
|
|b CARM
|h A1:AL32D0
|i C10526
|p 0429786
|f BK
|
| 082 |
0 |
4 |
|a 332.17
|
| 999 |
f |
f |
|i 495a830f-5663-5eca-96bf-5e2ef3dd29c5
|s a2dec1d1-4581-5ab2-b5a7-c656aa8e8fef
|
| 952 |
f |
f |
|p Can circulate
|a CAVAL
|b CAVAL
|c CAVAL
|d CARM 1 Store
|e C10526
|f A1:AL32D0
|h Other scheme
|i book
|m 0429786
|